| 000 | 00997nam a2200217Ia 4500 | ||
|---|---|---|---|
| 999 |
_c37824 _d37824 |
||
| 001 | 3801 | ||
| 003 | GE_BSU | ||
| 005 | 20190809155241.0 | ||
| 008 | 181216s1975||||ge |||||||||||||| ||geo|| | ||
| 040 | _cGE_BSU | ||
| 041 | _ageo | ||
| 080 | _a070(035) ბ–79 | ||
| 100 |
_aბოგდანოვი, ნ. _93486 |
||
| 245 |
_aჟურნალისტის ცნობარი / _cგ. იარალოვის ავტორიზებული თარგმანი მე-3 რუს. გადამუშ. და შევს. გამოცემიდან. |
||
| 264 |
_aთბილისი : _bსაქ–ს კპ ცკ–ის გამ–ბა, _c1975. |
||
| 300 |
_a749 გვ. ; _b26 სმ. |
||
| 653 | _aჟურნალისტიკა - ცნობარები | ||
| 700 |
_aვიაზენსკი, ბ.ა. _eავტორი _93487 |
||
| 700 |
_aიარალოვი, გ. _eმთარგმნელი _93488 |
||
| 942 |
_cBK _2udc |
||